00000000nam 2200000za 4500
0019.631654
003CaOODSP
00520210624214429
007cr |||||||||||
008150407s2004    onc|||||o    f|0| 0 fre d
020 |a0-662-78166-X
040 |aCaOODSP|bfre
043 |an-cn---
0861 |aSD10-1/2004F-PDF
1101 |aCanada. |bDéveloppement social Canada.
24510|aActivités et dépenses relatives au développement de la petite enfance - Activités et dépenses relatives à l'apprentissage et à la garde des jeunes enfants |h[ressource électronique] : |brapports 2003-2004 du gouvernement du Canada.
260 |aOttawa : |bDéveloppement social Canada, |c2005.
300 |a146 p. : |bill., références, tableaux.
500 |aCe document est coédité par Développement social Canada, l’Agence de santé publique du Canada et Affaires indiennes et du Nord Canada.
5203 |aCe rapport décrit les investissements du gouvernement du Canada dans le but d’améliorer les programmes et les services de développement de la petite enfance, et ses progrès à ce chapitre. Il se penche sur les activités et dépenses du gouvernement dans les domaines suivants : santé durant la grossesse, à la naissance et au cours de la petite enfance; soutien aux parents et aux familles; développement, apprentissage et garde des jeunes enfants; soutien aux collectivités; services aux enfants des Premières nations et d’autres peuples autochtones, et à leur famille; et recherche et information.
590 |a05-09|b2005-03-04
69107|aDépenses publiques|2gcpds
69107|aÉducation préscolaire|2gcpds
69107|aSoin de l'enfant|2gcpds
77508|tEarly childhood development activities and expenditures - Early learning and child care activities and expenditures |w(CaOODSP)9.687193
7760#|tEarly childhood development activities and expenditures - Early learning and child care activities and expenditures : |w(CaOODSP)9.665947
7760#|tActivités et dépenses relatives au développement de la petite enfance - Activités et dépenses relatives à l'apprentissage et à la garde des jeunes enfants : |w(CaOODSP)9.665948
795 |tActivités et dépenses relatives au développement de la petite enfance |w(CaOODSP)9.631014
85640|ahttp://publications.gc.ca|qPDF|s1634 Ko|uhttps://publications.gc.ca/collections/Collection/SD10-1-2004F.pdf